00625nam a22001457a 4500041000800000082001900008100001900027245006700046260006800113300000800181650017600189942000700365952009000372999001700462 aENG a305.80954bCHR aM Christhudhas aMartin Luther and Mahatma Gandhi: A Paradigm for social change aDelhi bIndian Society for Promoting Christian Knowledgec2018. a204 aKing, Martin Luther, -- Jr., -- 1929-1968 -- Political and social viewsaGandhi, -- Mahatma, -- 1869-1948 -- Political and social views.aGandhi, -- Mahatma, -- 1869-1948. cBK 00104070aHMIbHMIcGENd2019-07-01g375.00l0p11-4065r2019-07-01w2019-07-01yBK c22687d22687